00684nam a2200241 a 4500001001300000003000900013005001700022008004100039020001200080082001500092100002200107245002700129260003200156300000900188500003500197505001700232650002600249700002200275902000800297942000700305952011500312999001500427nice12345678IN_TiNIC20260116012016.0050524s1976 chia grp 000 0 eng  ac237.600a200.8bROB aRobertson, Irvine aWhat the Cults Believe aChicagobMoody Press c1976 a128p aincludes index and biblioraphy2 aBibliography aReligion-Cults-Modern1 aRobertson, Irvine bSRS cBK 001040708StackRoom-aHMIbHMId2007-03-19g237.60l0o200.8 ROBp09113r2007-03-19v237.60w2005-05-24yBK c5267d5267